LDR 00849naa#a2200193#i#450# 001 EN\\bibl\121443 005 20260513235043.3 011 ## _a1994-4683 100 ## _a20230531b2023####ek#y0engy0150####ca 102 ## _aRU 200 1# _aFROM THE EXPERIENCE OF APPLYING INFORMATION AND COMMUNICATION TECHNOLOGIES IN WORK WITH STUDENTS WITH HEALTH LIMITATIONS _eJournal article 210 1# _aMoscow _cNational State University of Physical Education, Sports and Health named after P.F. Lesgaft _d2023 215 ## _a3 с. 608 ## _aJournal article _2local 675 ## _aМетодика физического воспитания. Пути и средства физического воспитания. Учебные заведения физической культуры. 796.011.3 _z 700 #1 _a _g 700 #1 _a _g 700 #1 _a _g 856 4# _auchzapiski.lesgaft.spb.ru _u